Films dont le titre comporte le mot ville(s) - Statistiques

Statistiques générales
  • Ce quiz a été pris 74 fois
  • Le résultat moyen est 2 sur 17
Statistiques - réponses
Année Indice Titre du film % Correct
1994 Mimi Siku Un indien dans la ville
72%
1974 Le commissaire Letellier poursuit Minos Peur sur la ville
60%
1931 Charlot Les lumières de la ville
58%
1973 Jean Gabin et Alain Delon Deux hommes dans la ville
13%
1974 Charles Bronson fait du nettoyage Un justicier dans la ville
12%
1982 Dominique Sanda - Richard Berry - Michel Piccoli Une chambre en ville
7%
1974 prénom féminin - film allemand Alice dans les villes
4%
1950 Film de John Huston Quand la ville dort
4%
2011 Lola Creton - Stanislas Mehrar - Adèle Haenel En ville
1%
1998 film de Stéphane Brizé avec le nom d'une couleur Le bleu des villes
1%
2006 drame psychologique québécois réalisé par Catherine Martin Dans les villes
0%
1980 Robert Mitchum - Lee Majors - Valerie Perrine Les espions dans la ville
0%
1993 Guerre des clans à Los Angeles Les princes de la ville
0%
1963 Spéculateurs à Naples Main basse sur la ville
0%
1951 Cary Grant - Jeanne Crain On murmure dans la ville
0%
2011 ghetto en Pologne en 1944 Sous la ville
0%
1959 Lino Ventura - Sandra Milo Un témoin dans la ville
0%
Aucun quiz correspondant
Distribution des résultats
% des personnes avec chaque résultat
Percentile par nombre de réponses
Votre historique - résultats
Vous n’avez pas pris ce quiz